MARC details
| 000 -LEADER |
| campo de control de longitud fija |
01124nam a22002897ia4500 |
| 001 - NÚMERO DE CONTROL |
| campo de control |
85844 |
| 003 - IDENTIFICADOR DE NÚMERO DE CONTROL |
| campo de control |
ItRI |
| 005 - FECHA Y HORA DE LA ÚLTIMA TRANSACCIÓN |
| campo de control |
20260429122851.0 |
| 008 - DATOS DE LONGITUD FIJA--INFORMACIÓN GENERAL |
| campo de control de longitud fija |
260429s1973 it |||||| ||||| |ita|c |
| 015 ## - NÚMERO DE BIBLIOGRAFÍA NACIONAL |
| Fuente |
IT |
| Número de bibliografía nacional |
762979 |
| 040 ## - FUENTE DE CATALOGACIÓN |
| Lengua de catalogación |
ita |
| Centro catalogador/agencia de origen |
M-RABA |
| Centro/agencia transcriptor |
M-RABA |
| Centro/agencia modificador |
M-RABA |
| 041 #7 - CÓDIGO DE IDIOMA |
| Código de lengua del texto/banda sonora o título independiente |
ita |
| Fuente del código |
ISO-639-2 |
| 082 ## - NÚMERO DE LA CLASIFICACIÓN DECIMAL DEWEY |
| Número de clasificación |
720.945 |
| Información de edición |
17 |
| 082 ## - NÚMERO DE LA CLASIFICACIÓN DECIMAL DEWEY |
| Número de clasificación |
720.945 |
| Información de edición |
18 |
| 245 00 - MENCIÓN DEL TÍTULO |
| Título |
Mostra vanvitelliana |
| Resto del título |
: catalogo dei documenti e dei modelli : Napoli, Palazzo Reale, 5 novembre 1973-13 gennaio 1974 |
| Mención de responsabilidad, etc. |
/ Banco di Napoli |
| 260 ## - PUBLICACIÓN, DISTRIBUCIÓN, ETC. |
| Lugar de publicación, distribución, etc. |
Napoli |
| Nombre del editor, distribuidor, etc. |
: Banco di Napoli |
| Fecha de publicación, distribución, etc. |
, 1973 |
| 300 ## - DESCRIPCIÓN FÍSICA |
| Extensión |
48 p. : |
| Otras características físicas |
il. ; |
| Dimensiones |
24 cm |
| 500 ## - NOTA GENERAL |
| Nota general |
En port.: Istituto di storia dell'architettura dell'Universita di Napoli; Soprintendenza alle gallerie della Campania; Archivio storico del Banco di Napoli. |
| 546 ## - NOTA DE IDIOMA |
| Nota de lengua/lenguaje |
Texto en italiano. |
| 600 17 - PUNTO DE ACCESO ADICIONAL DE MATERIA--NOMBRE DE PERSONA |
| Nombre de persona |
Vanvitelli, Luigi ( |
| Fechas asociadas al nombre |
1700-1773) |
| 9 (RLIN) |
25115 |
| 655 #4 - TERMINO DE INDIZACIÓN--GENERO/FORMA |
| Datos o término principal de género/forma |
Catálogos de exposiciones |
| 9 (RLIN) |
45336 |
| 774 0# - ENLACE A UNIDAD CONSTITUYENTE |
| Número de control del registro |
IT\ICCU\NAP\0244564 |
| Título |
Modelli architettonici della raccolta vanvitelliana di Caserta |
| Parte(s) relacionada(s) |
2 |
| Encabezamiento principal |
Fiengo, Giuseppe (1937- ) |
| 852 ## - LOCALIZACIÓN |
| Número de control de estantería |
F-16115 |
| 982 #1 - EQUIVALENCIA O REFERENCIA-CRUZADA-MENCIÓN DE SERIE--NOMBRE DE CONFERENCIA O REUNIÓN/CONGRESO/TÍTULO [LOCAL, CANADÁ] |
| Enlace |
z01 |
| Nombre de congreso/reunión o jurisdicción como elemento de entrada |
n |
| 942 ## - ELEMENTOS DE ENTRADA SECUNDARIOS (KOHA) |
| Tipo de ítem Koha |
Fondo moderno |
| Suprimir en OPAC |
No |
| 981 #1 - EQUIVALENCIA O REFERENCIA-CRUZADA-MENCIÓN DE SERIE--NOMBRE DE ENTIDAD CORPORATIVA/TÍTULO [LOCAL, CANADÁ] |
| Enlace |
z01 |
| Nombre de entidad corporativa o nombre de jurisdicción como elemento de entrada |
i |
| Unidad subordinada |
xxxe |